000 00690nam a2200289Ia 4500
005 20260324122710.0
008 008 260324s9999 xx 000 0 eng d
020 _a9780203813539
037 _aEBOOK
040 _aCRL
040 _beng
040 _cCRL
041 _2eng
041 _aeng
084 _qCRL
100 _aGabriel Reynolds
_91167461
245 0 _aNew Perspectives on the Qur'an
245 4 _bThe Qur'an in its Historical Context 2
260 _bTaylor and Francis
260 _c2012
365 _a
365 _b265
856 _uhttp://www.taylorfrancis.com/books/9780203813539
942 _cEBOOK
999 _c1760404
_d1760404